| 000 | 005070000a22001810004500 | ||
|---|---|---|---|
| 020 | _a90-04-10410-0 | ||
| 041 | 0 | _aENG | |
| 082 | 0 | 4 | _aG 291.09394 V2171f |
| 100 | 1 | _aBaalen, Jan Karel van (1890-1968) | |
| 245 | 1 | 0 | _aFamily religion in Babilonia, Syria and Israel / Karel Van Der Toorn |
| 260 | _aNew York, N.Y., USA : E.J. Brill | ||
| 300 | _a491 Pag | ||
| 001 | 8973 | ||
| 942 | _cBK | ||
| 999 |
_c39065 _d39065 |
||
| 336 |
_atexto _btxt _2rdacontent |
||
| 337 |
_2rdamedia _asin mediación _bn |
||
| 338 |
_2rdacarrier _avolumen _bnc |
||